Most remote islands and archipelagos on a map - Statistics

General Stats
  • This quiz has been taken 35 times
  • The average score is 12 of 35
Answers on the Map
Answers color-coded by a green-red scale on the quiz's map according to % correct below.
 
Answer Stats
Distance from land (km) Country Answer % Correct
850 Portugal Azores
93%
720 Ecuador Galápagos Islands
93%
320 Chile Easter Island
90%
1050 United Kingdom Bermuda
87%
500 Norway Jan Mayen
77%
1100 United Kingdom Saint Helena
77%
380 United Kingdom Tristan Da Cunha
70%
1100 United Kingdom Ascension Island
60%
550 Costa Rica Cocos Island
57%
900 Australia Cocos Islands
57%
480 Australia Heard and MacDonald Islands
50%
480 France Kerguelen Islands
47%
700 United Kingdom South Georgia
43%
700 United Kingdom South Sandwich Islands
43%
1639 Norway Bouvet Island
40%
650 New Zealand Chatham Islands
33%
945 France Clipperton Island
33%
580 United States Wake Island
27%
1050 France Crozet Islands
23%
1050 South Africa Prince Edward Islands
23%
380 United Kingdom Gough Island
17%
560 Mauritius Rodrigues
17%
890 United States Johnston Atoll
13%
650 Chile Juan Fernández Islands
13%
1000 New Zealand Kermadec Islands
13%
850 Chile Desventuradas Islands
10%
650 Australia MacQuarie Island
10%
625 Brazil Saint Peter and Saint Paul archipelago
10%
320 Chile Isla Sala y Gómez
7%
1167 Brazil Trindade and Martim Vaz
3%
550 France Bass Islands
0%
500 France Marquesas Islands
0%
1015 Japan Minamitorishima
0%
534 Japan Okinotorishima
0%
505 None (Antarctica) Scott Island
0%
No matching quizzes found
Score Distribution
Percent of People with Each Score
Percentile by Number Answered
Your Score History
You have not taken this quiz